000 00649nam a22002057a 4500
003 UA-OsUOA
001 7484
007 ta
008 20040622b un ||||| |||| 00| 0 ukr d
100 _aІкеда Дайсеку
942 _cSA
040 _aUA-OsUOA
_bukr
_cUA-OsUOA
_dUA-OsUOA
245 _aЗаповідний закон життя і смерти: Бесіди про "Сутру Лотоса" - головне вчення Будди
_cДайсеку Ікеда
300 _aС.3
955 _a0
041 _aukr
044 _aUA
773 0 _w0
_tВсесвіт
_dК.
_d2004
_g№5-6
650 7 _aРелігія/Будизм
_2UDC
999 _c293645
_d293645